000 00322 a2200109 4500
001 ART_2076
005 20260410161722.0
008 260409a
245 1 0 _aContabilidad y auditoría
100 1 _aGarcía, Sergio O.
773 0 _tAdministración de empresas
_g- Año XVII, Nº 202 (ene. 1987)
_wREV2036
999 _c17093
_d17093